Urban consumer theory (Record no. 78547)

MARC details
000 -LEADER
fixed length control field 00946nam a2200241 a 4500
008 - FIXED-LENGTH DATA ELEMENTS--GENERAL INFORMATION
fixed length control field 080208s1996 ||||||||||||||||| || u
020 ## - INTERNATIONAL STANDARD BOOK NUMBER
International Standard Book Number 1859726152
050 ## - LIBRARY OF CONGRESS CALL NUMBER
Classification number HF 5415.32 Tur
100 ## - MAIN ENTRY--PERSONAL NAME
Personal name Turnbull, Geoffrey K
245 10 - TITLE STATEMENT
Title Urban consumer theory
Statement of responsibility, etc. Geoffrey K. Turnbull
260 ## - PUBLICATION, DISTRIBUTION, ETC.
Place of publication, distribution, etc. Aldershot
Name of publisher, distributor, etc. Avebury
Date of publication, distribution, etc. 1996
300 ## - PHYSICAL DESCRIPTION
Extent x, 158p.: ill
350 ## -
-- 0.00
650 ## - SUBJECT ADDED ENTRY--TOPICAL TERM
Topical term or geographic name entry element SPATIAL BEHAVIOUR
650 ## - SUBJECT ADDED ENTRY--TOPICAL TERM
Topical term or geographic name entry element REAL ESTATE BUSINESS
650 #0 - SUBJECT ADDED ENTRY--TOPICAL TERM
Topical term or geographic name entry element URBAN ECONOMICS
650 ## - SUBJECT ADDED ENTRY--TOPICAL TERM
Topical term or geographic name entry element CONSUMER BEHAVIOUR
650 #0 - SUBJECT ADDED ENTRY--TOPICAL TERM
Topical term or geographic name entry element COMMERCE
650 #0 - SUBJECT ADDED ENTRY--TOPICAL TERM
Topical term or geographic name entry element CONSUMPTION--ECONOMICS
650 #0 - SUBJECT ADDED ENTRY--TOPICAL TERM
Topical term or geographic name entry element SOCIOLOGY, URBAN
995 ## -
-- MAIN LIBRARY OPEN ACCESS
-- 0.00
-- 738497
-- CBU-MAIN LIBRARY (Kitwe)
-- 1
-- 0.00
-- HF 5415.32 Tur
-- 1
-- AVAILABLE
-- Feb 8, 2008
-- 738497
-- Main Library Open Access Collection
995 ## -
-- MAIN LIBRARY OPEN ACCESS
-- 0.00
-- 738581
-- CBU-MAIN LIBRARY (Kitwe)
-- 1
-- 0.00
-- HF 5415.32 Tur
-- 2
-- AVAILABLE
-- Mar 3, 2008
-- 738581
-- Main Library Open Access Collection
999 ## -
-- 78547
-- 78547
Holdings
Withdrawn status Lost status Source of classification or shelving scheme Damaged status Not for loan Permanent Location Current Location Shelving location Date acquired Total Checkouts Full call number Barcode Date last seen Copy number Price effective from Koha item type
          CBU-MAIN LIBRARY, KITWE. CBU-MAIN LIBRARY, KITWE.   05/17/2023   HF 5415.32 Tur 738497 05/17/2023 1 05/17/2023 MONOGRAPH
          CBU-MAIN LIBRARY, KITWE. CBU-MAIN LIBRARY, KITWE.   05/17/2023   HF 5415.32 Tur 738581 05/17/2023 2 05/17/2023 MONOGRAPH